| 000 | 00395cam a22001337a 4500 | ||
|---|---|---|---|
| 008 | 180718b1986 xxu||||| |||| 00| 0 eng d | ||
| 082 | _aI52 Su16 | ||
| 245 |
_aProblem recognition in public policy and business management _cedited by V. Subramaniam |
||
| 260 |
_aDelhi _bAshish _c1986 |
||
| 300 | _a211p. | ||
| 650 | _aBusiness management | ||
| 650 | _aDecision-making | ||
| 700 | _aSubramaniam, V. | ||
| 999 |
_c355096 _d355096 |
||